Shoot the storm / (Record no. 128334)

MARC details
000 -LEADER
fixed length control field 01907nam a2200445 a 4500
001 - CONTROL NUMBER
control field fol20332934
003 - CONTROL NUMBER IDENTIFIER
control field ICrlF
005 - DATE AND TIME OF LATEST TRANSACTION
control field 20250904223821.0
008 - FIXED-LENGTH DATA ELEMENTS--GENERAL INFORMATION
fixed length control field 210910s2022 nyu d 000 1 eng d
020 ## - INTERNATIONAL STANDARD BOOK NUMBER
International Standard Book Number 9781978595576
035 ## - SYSTEM CONTROL NUMBER
System control number (ICrlF)1993UU
040 ## - CATALOGING SOURCE
Original cataloging agency ICrlF
Language of cataloging eng
Transcribing agency ICrlF
Modifying agency ICrlF
082 04 - DEWEY DECIMAL CLASSIFICATION NUMBER
Classification number [Fic]
Edition number 23
100 1# - MAIN ENTRY--PERSONAL NAME
Personal name Daniels Taylor, Annette.
9 (RLIN) 41521
245 10 - TITLE STATEMENT
Title Shoot the storm /
Statement of responsibility, etc Annette Daniels Taylor.
250 ## - EDITION STATEMENT
Edition statement 1st ed.
260 ## - PUBLICATION, DISTRIBUTION, ETC. (IMPRINT)
Place of publication, distribution, etc New York, NY :
Name of publisher, distributor, etc West 44 Books, an imprint of Enslow Pub.,
Date of publication, distribution, etc 2022.
300 ## - PHYSICAL DESCRIPTION
Extent 192 p. ;
Dimensions 22 cm.
510 3# - CITATION/REFERENCES NOTE
Name of source Kirkus Review, December 2021
520 ## - SUMMARY, ETC.
Summary, etc "Aaliyah saw her father Boogie-G killed on the park basketball courts. For a while, Aaliyah stopped talking, but after finding videos of her father rapping on stage, Aaliyah begins to rap. Two years later, she is at the top of her game on the basketball court and finding her rhythm with rap, until she sees her father's killer again. Aaliyah considers joining her father's old gang to avenge his death, but what will it cost her?"--Provided by publisher.
521 0# - TARGET AUDIENCE NOTE
Target audience note 3.6.
521 2# - TARGET AUDIENCE NOTE
Target audience note Young Adult
Source Follett School Solutions.
650 #0 - SUBJECT ADDED ENTRY--TOPICAL TERM
Topical term or geographic name as entry element Basketball players
Form subdivision Juvenile fiction.
9 (RLIN) 41522
650 #0 - SUBJECT ADDED ENTRY--TOPICAL TERM
Topical term or geographic name as entry element Rap (Music)
Form subdivision Juvenile fiction.
9 (RLIN) 13543
650 #0 - SUBJECT ADDED ENTRY--TOPICAL TERM
Topical term or geographic name as entry element Murder
Form subdivision Juvenile fiction.
650 #0 - SUBJECT ADDED ENTRY--TOPICAL TERM
Topical term or geographic name as entry element Revenge
Form subdivision Juvenile fiction.
650 #0 - SUBJECT ADDED ENTRY--TOPICAL TERM
Topical term or geographic name as entry element Gangs
Form subdivision Juvenile fiction.
650 #0 - SUBJECT ADDED ENTRY--TOPICAL TERM
Topical term or geographic name as entry element Families
Form subdivision Juvenile fiction.
650 #1 - SUBJECT ADDED ENTRY--TOPICAL TERM
Topical term or geographic name as entry element Basketball players
Form subdivision Fiction.
9 (RLIN) 39762
650 #1 - SUBJECT ADDED ENTRY--TOPICAL TERM
Topical term or geographic name as entry element Rap (Music)
Form subdivision Fiction.
9 (RLIN) 13545
650 #1 - SUBJECT ADDED ENTRY--TOPICAL TERM
Topical term or geographic name as entry element Murder
Form subdivision Fiction.
650 #1 - SUBJECT ADDED ENTRY--TOPICAL TERM
Topical term or geographic name as entry element Revenge
Form subdivision Fiction.
650 #1 - SUBJECT ADDED ENTRY--TOPICAL TERM
Topical term or geographic name as entry element Gangs
Form subdivision Fiction.
650 #1 - SUBJECT ADDED ENTRY--TOPICAL TERM
Topical term or geographic name as entry element Family life
Form subdivision Fiction.
655 #7 - INDEX TERM--GENRE/FORM
Genre/form data or focus term Sports fiction.
Source of term lcgft
655 #7 - INDEX TERM--GENRE/FORM
Genre/form data or focus term Novels in verse.
Source of term lcgft
655 #7 - INDEX TERM--GENRE/FORM
Genre/form data or focus term High interest-low vocabulary books.
Source of term lcgft
9 (RLIN) 9434
940 2# - EQUIVALENCE OR CROSS-REFERENCE--UNIFORM TITLE [OBSOLETE] [CAN/MARC only]
Uniform title <a href="3.6">3.6</a>
-- Young Adult
Date of treaty signing 06/02/23
Version Kirkus Review, December 2021
-- FSS
942 ## - ADDED ENTRY ELEMENTS (KOHA)
Koha item type Book
Holdings
Withdrawn status Lost status Source of classification or shelving scheme Damaged status Not for loan Home library Current library Shelving location Date acquired Source of acquisition Total Checkouts Total Renewals Full call number Barcode Checked out Date last seen Date checked out Cost, replacement price Price effective from Koha item type
  Available Dewey Decimal Classification     Martha's Vineyard High School Library Martha's Vineyard High School Library SPORTS FICTION 06/13/2023 Follett 5 1 FIC/DAN 39844500061316 03/11/2026 02/18/2026 02/18/2026 15.00 06/13/2023 Book